[Event "Winnipeg TNT October op"]
[Site "Winnipeg"]
[Date "2018.10.09"]
[Round "2.1"]
[White "Atem, James"]
[Black "Wolchock, Theo"]
[Result "1/2-1/2"]
[WhiteElo "1793"]
[BlackElo "2182"]
[PlyCount "107"]
[EventDate "2018.10.02"]
[EventType "swiss"]
[EventRounds "5"]
[EventCountry "CAN"]
[SourceTitle "EXT 2022"]
[Source "ChessBase"]
[SourceDate "2021.10.06"]
[SourceVersion "1"]
[SourceVersionDate "2021.10.06"]
[SourceQuality "1"]

1. f4 e5 2. fxe5 d6 3. exd6 Bxd6 4. g3 h5 5. Nc3 h4 6. Ne4 hxg3 7. Nf3 gxh2 8. Bg2 Nf6 9. Nxf6+ Qxf6 10. d4 Qg6 11. Kf1 Bh3 12. Bxh3 Rxh3 13. Be3 Nd7 14. Qd3 Qf6 15. Qe4+ Kf8 16. Bf2 Qf4 17. Qxf4 Bxf4 18. Kg2 Rh6 19. e3 Bd6 20. Nxh2 Ke7 21. Nf3 Rah8 22. Rxh6 Rxh6 23. Rh1 Rxh1 24. Kxh1 f5 25. Kg2 Ke6 26. c4 c5 27. d5+ Ke7 28. Bh4+ Ke8 29. b3 b5 30. Bg3 Ke7 31. Nh4 Bxg3 32. Nxf5+ Kf6 33. Nxg3 Ke5 34. Kf3 bxc4 35. bxc4 g5 36. Nf1 g4+ 37. Kxg4 Ke4 38. Kg5 Kd3 39. Kf5 Kxc4 40. e4 Kd3 41. e5 c4 42. e6 c3 43. exd7 c2 44. d8Q c1Q 45. Ng3 Qe3 46. Qd6 Qf3+ 47. Ke6 Qg4+ 48. Kf7 Qf3+ 49. Ke8 Qe3+ 50. Kd7 Qg5 51. Qa3+ Kd4 52. Qc5+ Kxc5 53. Ne4+ Kxd5 54. Nxg5 1/2-1/2

[Event "Winnipeg Boardman Memorial"]
[Site "Winnipeg"]
[Date "2016.04.19"]
[Round "3"]
[White "Bince, Rolando"]
[Black "Atem, James"]
[Result "1-0"]
[WhiteElo "2077"]
[BlackElo "1855"]
[PlyCount "84"]
[EventDate "2016.04.05"]
[EventType "swiss"]
[EventRounds "4"]
[EventCountry "CAN"]
[SourceTitle "EXT 2022"]
[Source "ChessBase"]
[SourceDate "2021.10.06"]
[SourceVersion "1"]
[SourceVersionDate "2021.10.06"]
[SourceQuality "1"]

1. e4 d6 2. d4 c6 3. c4 g6 4. Nc3 Bg7 5. Be3 e6 6. Nf3 Bd7 7. Qd2 Ne7 8. h4 Qa5 9. a3 c5 10. dxc5 dxc5 11. h5 Nbc6 12. Be2 0-0-0 13. 0-0 Be8 14. Qe1 Nd4 15. Bxd4 cxd4 16. Nd5 Qxe1 17. Nxe7+ Kd7 18. Nxe1 Kxe7 19. Nd3 Bc6 20. Bf3 Rhe8 21. b4 b6 22. Rfe1 Kf8 23. a4 Kg8 24. b5 Ba8 25. a5 Rc8 26. Ra4 bxa5 27. c5 f5 28. hxg6 hxg6 29. Rxa5 Bxe4 30. Bxe4 fxe4 31. Rxe4 Re7 32. c6 Rcc7 33. Kf1 e5 34. Ke2 Bf6 35. Nc5 Rh7 36. Rg4 Rhe7 37. Kd3 Kf7 38. Ke4 Re8 39. Rg3 Rce7 40. Rf3 Kg7 41. Rfa3 Bg5 42. Nb7 Rf7 1-0

[Event "Winnipeg TNT February op"]
[Site "Winnipeg"]
[Date "2016.02.23"]
[Round "4.4"]
[White "Letain, Cory"]
[Black "Atem, James"]
[Result "1/2-1/2"]
[WhiteElo "1614"]
[BlackElo "1843"]
[PlyCount "68"]
[EventDate "2016.02.02"]
[EventType "swiss"]
[EventRounds "4"]
[EventCountry "CAN"]
[SourceTitle "EXT 2022"]
[Source "ChessBase"]
[SourceDate "2021.10.06"]
[SourceVersion "1"]
[SourceVersionDate "2021.10.06"]
[SourceQuality "1"]

1. d4 d5 2. c4 e6 3. Nf3 c6 4. cxd5 cxd5 5. Bf4 Nc6 6. Qa4 Bd7 7. Nc3 Ne5 8. Qb3 Nxf3+ 9. gxf3 b6 10. e3 Rc8 11. Ba6 Nf6 12. Bxc8 Qxc8 13. 0-0 Nh5 14. Be5 f6 15. Bg3 Nxg3 16. fxg3 Qa6 17. a4 Qd3 18. Kf2 Qd2+ 19. Ne2 Bd6 20. Rfd1 Qa5 21. Nc3 0-0 22. Nb5 Bb8 23. Qc3 Qa6 24. Qb4 Qb7 25. Rdc1 Qa6 26. Qe7 Bxb5 27. Qxe6+ Kh8 28. axb5 Qxb5 29. Rc2 h5 30. Rac1 Kh7 31. Qc6 Qb3 32. Qc3 Qb5 33. Qc6 Qb3 34. Qc3 Qb5 1/2-1/2

[Event "Winnipeg op"]
[Site "Winnipeg"]
[Date "2015.07.06"]
[Round "6"]
[White "Leaden, Bruce"]
[Black "Atem, James"]
[Result "0-1"]
[WhiteElo "1563"]
[BlackElo "1876"]
[PlyCount "64"]
[EventDate "2015.06.02"]
[EventType "swiss"]
[EventRounds "9"]
[EventCountry "CAN"]
[SourceTitle "EXT 2019"]
[Source "ChessBase"]
[SourceDate "2018.10.10"]
[SourceVersion "1"]
[SourceVersionDate "2018.10.10"]
[SourceQuality "1"]

1. d4 d5 2. c4 Nf6 3. Nc3 dxc4 4. e3 Be6 5. e4 c6 6. Nf3 Bg4 7. Bxc4 Bxf3 8. Qxf3 Qxd4 9. Bb3 e5 10. Be3 Qd7 11. 0-0 Be7 12. h3 0-0 13. Rfd1 Qc7 14. Rac1 Qa5 15. h4 Nbd7 16. Na4 b5 17. Nc5 Nxc5 18. Bxc5 Bxc5 19. Rxc5 Rac8 20. Rxe5 c5 21. Rg5 h6 22. Rg3 Qc7 23. Bd5 Qe5 24. Qe3 Rfd8 25. f4 Qh5 26. Qd3 Qxh4 27. Qf3 Nxd5 28. Rxd5 Rxd5 29. exd5 c4 30. d6 Rd8 31. Qc3 f6 32. Re3 Qxf4 0-1

[Event "Winnipeg op"]
[Site "Winnipeg"]
[Date "2015.06.02"]
[Round "1"]
[White "Atem, James"]
[Black "Boron, Anthony"]
[Result "0-1"]
[WhiteElo "1876"]
[BlackElo "2075"]
[PlyCount "122"]
[EventDate "2015.06.02"]
[EventType "swiss"]
[EventRounds "9"]
[EventCountry "CAN"]
[SourceTitle "EXT 2019"]
[Source "ChessBase"]
[SourceDate "2018.10.10"]
[SourceVersion "1"]
[SourceVersionDate "2018.10.10"]
[SourceQuality "1"]

1. e4 c6 2. d4 d5 3. e5 Bf5 4. Nf3 e6 5. Bd2 Qb6 6. Bc3 Bb4 7. Qd2 a5 8. Nh4 Be4 9. f3 Bg6 10. Nxg6 hxg6 11. Bd3 Nd7 12. a3 Be7 13. Qf2 Nh6 14. Nd2 Nf5 15. Bxf5 gxf5 16. 0-0 Nxe5 17. b4 Ng6 18. bxa5 Qc7 19. f4 Bd6 20. g3 Qe7 21. Nb1 Kd7 22. Qd2 Rh3 23. Bb4 c5 24. dxc5 Bxc5+ 25. Kg2 Rah8 26. Rh1 Qd6 27. Qc3 Nxf4+ 28. Kf3 Bxb4 29. Qxb4 Qxb4 30. axb4 g5 31. Na3 Ng6 32. Kg2 Ne5 33. b5 Ng4 34. a6 Rxh2+ 35. Rxh2 Rxh2+ 36. Kg1 bxa6 37. bxa6 Rh8 38. a7 Ra8 39. Nb5 Kc6 40. Rb1 Ne5 41. Kf2 Ng4+ 42. Ke2 e5 43. Kd3 Nf2+ 44. Ke2 Ne4 45. Rb3 g4 46. Ke1 d4 47. Ke2 Nxg3+ 48. Kd3 Ne4 49. Nxd4+ exd4 50. Kxd4 Rxa7 51. Rb8 Kd6 52. c4 Rd7 53. Re8 g3 54. Ke3 Rc7 55. Kf4 Rc5 56. Rd8+ Ke6 57. Rd4 g2 58. Rd1 Rxc4 59. Ra1 Nd2+ 60. Kg3 Rg4+ 61. Kh3 g1R 0-1

[Event "Winnipeg April TNT"]
[Site "Winnipeg"]
[Date "2015.04.07"]
[Round "1.4"]
[White "Atem, James"]
[Black "Valentino, Marcos"]
[Result "0-1"]
[WhiteElo "1866"]
[BlackElo "2126"]
[PlyCount "58"]
[EventDate "2015.04.07"]
[EventType "swiss"]
[EventRounds "4"]
[EventCountry "CAN"]
[SourceTitle "EXT 2019"]
[Source "ChessBase"]
[SourceDate "2018.10.10"]
[SourceVersion "1"]
[SourceVersionDate "2018.10.10"]
[SourceQuality "1"]

1. d4 d6 2. e4 e5 3. d5 f5 4. Bd3 fxe4 5. Bxe4 Nf6 6. Bg5 Nbd7 7. Nc3 Be7 8. Bxf6 Nxf6 9. Qd3 0-0 10. Nf3 h6 11. h3 a6 12. Bg6 b5 13. 0-0-0 b4 14. Ne4 a5 15. b3 a4 16. g4 Nxe4 17. Qxe4 Rf4 18. Qe3 Qf8 19. Be4 Ra5 20. Kb2 Rc5 21. Rhf1 Ba6 22. Nd2 Bxf1 23. Rxf1 Qa8 24. Nc4 axb3 25. axb3 Rxc4 26. bxc4 Qa3+ 27. Qxa3 bxa3+ 28. Kxa3 Rxe4 29. Kb4 Kf8 0-1

[Event "MCA Champions"]
[Site "Winnipeg"]
[Date "2014.12.09"]
[Round "5"]
[White "Wolchock, Theo"]
[Black "Atem, James"]
[Result "1/2-1/2"]
[WhiteElo "1963"]
[BlackElo "1914"]
[PlyCount "95"]
[EventDate "2014.11.04"]
[EventType "swiss"]
[EventRounds "6"]
[EventCountry "CAN"]
[SourceTitle "EXT 2019"]
[Source "ChessBase"]
[SourceDate "2018.10.10"]
[SourceVersion "1"]
[SourceVersionDate "2018.10.10"]
[SourceQuality "1"]

1. c4 e5 2. g3 d5 3. cxd5 Qxd5 4. Nf3 Nc6 5. Bg2 Bc5 6. Nc3 Qd8 7. 0-0 Nf6 8. d3 0-0 9. Bg5 h6 10. Bxf6 Qxf6 11. Ne4 Qe7 12. Nxc5 Qxc5 13. Rc1 Qb6 14. Qc2 Be6 15. a3 Rac8 16. Qc3 f6 17. Rfd1 Rfd8 18. b4 a6 19. Qc5 Qxc5 20. Rxc5 Ne7 21. Rdc1 c6 22. Nd2 Nf5 23. Nf3 Nd6 24. Nd2 Nb5 25. a4 Nd4 26. Kf1 Rb8 27. R5c3 Bd5 28. Bxd5+ Rxd5 29. Nb3 Nxb3 30. Rxb3 Rbd8 31. Rbc3 Kf7 32. Rc5 Ke6 33. f3 Rxc5 34. Rxc5 Rd5 35. Rc3 Rd4 36. Rc4 f5 37. Kf2 Kd5 38. e4+ fxe4 39. fxe4+ Kd6 40. Ke3 Rxc4 41. dxc4 h5 42. h3 b6 43. Kd3 g5 44. g4 h4 45. Kc3 a5 46. bxa5 bxa5 47. Kd3 Kc5 48. Kc3 1/2-1/2

[Event "Winnipeg TNT October op"]
[Site "Winnipeg"]
[Date "2014.10.21"]
[Round "3.4"]
[White "Rutter, Blair A"]
[Black "Atem, James"]
[Result "0-1"]
[WhiteElo "1990"]
[BlackElo "1912"]
[PlyCount "148"]
[EventDate "2014.10.07"]
[EventType "swiss"]
[EventRounds "4"]
[EventCountry "CAN"]
[SourceTitle "EXT 2022"]
[Source "ChessBase"]
[SourceDate "2021.10.06"]
[SourceVersion "1"]
[SourceVersionDate "2021.10.06"]
[SourceQuality "1"]

1. c4 f5 2. g3 e5 3. Bg2 Nf6 4. d3 d5 5. cxd5 Nxd5 6. Qb3 c6 7. Nf3 Bd6 8. Nc3 Nxc3 9. bxc3 Na6 10. 0-0 Nc5 11. Qc2 0-0 12. e3 Be6 13. d4 exd4 14. exd4 Ne4 15. c4 g6 16. Nd2 Nf6 17. Re1 Bf7 18. f4 Bb4 19. Bb2 Bxd2 20. Qxd2 Bxc4 21. h3 Bd5 22. Re2 Bxg2 23. Kxg2 Qd5+ 24. Kh2 Rfe8 25. Re5 Rxe5 26. fxe5 Ne4 27. Qe3 Re8 28. a3 Nd6 29. Bc3 Nc4 30. Qe2 b5 31. Rd1 a5 32. Rd3 Nxa3 33. Bxa5 Nc4 34. Bb4 Nb6 35. h4 Na4 36. Bd2 Nb2 37. Rf3 Qxd4 38. Bc3 Qd1 39. Qg2 Nc4 40. Rf1 Qd5 41. Qe2 Nxe5 42. Kh3 Qe4 43. Re1 Nc4 44. Qf2 Qg4+ 45. Kh2 Rxe1 46. Qxe1 Qe4 47. Qd1 Qg2+ 48. Kxg2 Ne3+ 49. Kf3 Nxd1 50. Bd4 b4 51. Ke2 Nc3+ 52. Kd3 Ne4 53. Be5 Kf7 54. Kc4 Ke6 55. Bf4 c5 56. Bc7 Kd7 57. Be5 Kc6 58. Bf4 Nd6+ 59. Kd3 Nb7 60. Be5 Kd5 61. Bf6 c4+ 62. Kc2 Nc5 63. Bg7 b3+ 64. Kb2 Ne4 65. Bh6 Nxg3 66. Bg7 Ne2 67. Bh6 c3+ 68. Kxb3 Kd4 69. Kc2 f4 70. Bg7+ Kc4 71. Bh6 Nd4+ 72. Kd1 f3 73. Be3 Kd3 74. Bf2 c2+ 0-1

[Event "Winnipeg TNT October op"]
[Site "Winnipeg"]
[Date "2014.10.14"]
[Round "2.4"]
[White "Atem, James"]
[Black "Andraschko, Felix"]
[Result "0-1"]
[WhiteElo "1912"]
[BlackElo "2172"]
[PlyCount "130"]
[EventDate "2014.10.07"]
[EventType "swiss"]
[EventRounds "4"]
[EventCountry "CAN"]
[SourceTitle "EXT 2022"]
[Source "ChessBase"]
[SourceDate "2021.10.06"]
[SourceVersion "1"]
[SourceVersionDate "2021.10.06"]
[SourceQuality "1"]

1. e4 g6 2. d4 Bg7 3. Bc4 d6 4. Be3 a6 5. a4 e6 6. Nf3 b6 7. Nc3 Bb7 8. 0-0 Nd7 9. Qe2 Ne7 10. Ng5 h6 11. Nf3 0-0 12. g3 d5 13. exd5 exd5 14. Bd3 c5 15. Qd2 Kh7 16. dxc5 bxc5 17. Bf4 d4 18. Ne4 c4 19. Nd6 Bxf3 20. Nxc4 Nd5 21. Bd6 Re8 22. Rfe1 Rxe1+ 23. Rxe1 N7b6 24. Be5 Nxa4 25. Bxg7 Kxg7 26. Ne5 Nxb2 27. Nxf3 Nxd3 28. Qxd3 Nb4 29. Qxd4+ Qxd4 30. Nxd4 Rd8 31. c3 Na2 32. Nc6 Rd6 33. Ra1 Nxc3 34. Rxa6 Ne4 35. Nb4 Rd4 36. Rb6 Rd2 37. f4 Nf6 38. Ra6 Rd4 39. Nc6 Rd1+ 40. Kg2 Rd2+ 41. Kg1 Ng4 42. h3 Ne3 43. g4 Rg2+ 44. Kh1 Rf2 45. Ra4 Nd5 46. Kg1 Rxf4 47. Rxf4 Nxf4 48. Kh2 Kf6 49. Kg3 Ne6 50. Nb4 Ke5 51. Nd3+ Ke4 52. Nb4 f5 53. Nc2 f4+ 54. Kf2 Nc5 55. Ne1 Nd3+ 56. Nxd3 Kxd3 57. h4 g5 58. Kf3 Kd4 59. hxg5 hxg5 60. Ke2 Ke4 61. Kf2 f3 62. Kg3 Ke3 63. Kh2 f2 64. Kg2 Ke2 65. Kh2 Kf3 0-1

[Event "Winnipeg TNT April op"]
[Site "Winnipeg"]
[Date "2014.04.29"]
[Round "5.5"]
[White "Rutter, Blair A"]
[Black "Atem, James"]
[Result "1-0"]
[WhiteElo "1889"]
[BlackElo "1857"]
[PlyCount "103"]
[EventDate "2014.04.01"]
[EventType "swiss"]
[EventRounds "5"]
[EventCountry "CAN"]
[SourceTitle "EXT 2022"]
[Source "ChessBase"]
[SourceDate "2021.10.06"]
[SourceVersion "1"]
[SourceVersionDate "2021.10.06"]
[SourceQuality "1"]

1. c4 e5 2. g3 Nf6 3. Bg2 Bc5 4. Nc3 0-0 5. e3 c6 6. Nge2 Na6 7. 0-0 g6 8. d4 exd4 9. exd4 Be7 10. h3 Nc7 11. Be3 d5 12. b3 Re8 13. Kh2 dxc4 14. bxc4 Nh5 15. Qd2 Ng7 16. f4 Nf5 17. Bf2 Bb4 18. Rad1 Rxe2 19. Qxe2 Bxc3 20. Qd3 Ba5 21. g4 Nd6 22. Bg3 Na6 23. d5 c5 24. a3 f5 25. Bf3 Bd7 26. Rf2 Qf6 27. Re2 Bc3 28. Bf2 fxg4 29. hxg4 Rf8 30. Bg3 Bd4 31. Rde1 Rf7 32. Re6 Bxe6 33. dxe6 Re7 34. f5 Ne8 35. Kh3 g5 36. Qb3 b6 37. Qa4 Nac7 38. Bxc7 Nxc7 39. Qxa7 Be5 40. Kg2 Bc3 41. Re2 Ba5 42. Qb7 Kg7 43. Qe4 Qa1 44. Qc2 Qxa3 45. f6+ Kxf6 46. Qf5+ Kg7 47. Qxg5+ Kh8 48. Qxe7 h6 49. Qxc7 Bc3 50. e7 Kg7 51. e8Q+ Kf6 52. Qce7# 1-0

[Event "Winnipeg TNT March op"]
[Site "Winnipeg"]
[Date "2014.03.18"]
[Round "3.4"]
[White "Boron, Anthony"]
[Black "Atem, James"]
[Result "1-0"]
[WhiteElo "2014"]
[BlackElo "1863"]
[PlyCount "69"]
[EventDate "2014.03.04"]
[EventType "swiss"]
[EventRounds "4"]
[EventCountry "CAN"]
[SourceTitle "EXT 2022"]
[Source "ChessBase"]
[SourceDate "2021.10.06"]
[SourceVersion "1"]
[SourceVersionDate "2021.10.06"]
[SourceQuality "1"]

1. e4 e5 2. Nf3 d6 3. d4 exd4 4. Nxd4 Be7 5. Nc3 Nf6 6. Bc4 0-0 7. 0-0 c5 8. Nf3 a6 9. a4 Nc6 10. h3 Be6 11. Bd5 h6 12. Bf4 Qd7 13. Re1 Nb4 14. Bxe6 fxe6 15. Bh2 Ne8 16. a5 Qc6 17. Na4 Qc7 18. Nb6 Rd8 19. c3 Nc6 20. Qb3 Kf7 21. Nd2 Nxa5 22. Rxa5 Qc6 23. Raa1 Nc7 24. Nbc4 Bg5 25. Nf3 Be7 26. Nce5+ dxe5 27. Nxe5+ Kf6 28. Nxc6 bxc6 29. Bxc7 Rd2 30. Rad1 c4 31. Qxc4 Rxb2 32. Bg3 a5 33. Re3 Kf7 34. Rf3+ Ke8 35. Qxc6# 1-0